000 00484nam a2200181Ia 4500
005 20250326125555.0
008 250326s9999 xx 000 0 und d
037 _aTextbook
040 _aFMSL
_beng
_cFMSL
041 _aeng
_2eng
084 _aX.5 L0
_qFMSL
100 _aFindlay R
_9739329
245 0 _aTrade and special;ization
_cFindlay R
260 _aEngland
_bEngland, Penguin Books
_c1970
300 _a140p
942 _cTB
_hX.5 L0
999 _c1278637
_d1278637